|
|
|
|
| LEADER |
00586cam a2200193 a 4500 |
| 001 |
0000046086 |
| 005 |
20170112090000.0 |
| 040 |
|
|
|a mod
|
| 041 |
|
|
|a eng
|
| 020 |
0 |
0 |
|a T000019046
|
| 090 |
0 |
0 |
|a 181.4
|b IND
|e 1967
|
| 245 |
0 |
4 |
|a The Indian mind
|b essentials of Indian Philosophyand culture
|c edited Charles A. Moore
|
| 260 |
0 |
0 |
|a Honolulu
|b University of Hawaii Press
|c 1967
|
| 300 |
0 |
0 |
|a xi, 458 p.
|c 22 cm
|
| 500 |
0 |
0 |
|a Include index
|
| 650 |
0 |
0 |
|a Philosophy
|z India
|
| 700 |
1 |
1 |
|a Moore
|h Charles A.
|
| 852 |
0 |
0 |
|a 01
|
| 999 |
|
|
|a 0093368
|b KEMENTAH
|d BOOKS
|e Umum
|f Perpustakaan KEMENTAH
|j AVAILABLE
|q GOOD CONDITION
|